[Event "Mimoza Open"]
[Site "Herceg Novi SCG"]
[Date "2005.03.01"]
[Round "6"]
[White "Damljanovic,B"]
[Black "Savic,Miod1"]
[Result "1-0"]
[WhiteElo "2587"]
[BlackElo "2508"]

1.d4 d5 2.c4 c6 3.Nf3 Nf6 4.Nc3 dxc4 5.a4 Bf5 6.Nh4 Bg4 7.h3 Bh5 8.g4 Bg6
9.Nxg6 hxg6 10.e3 e6 11.Bxc4 Bb4 12.Kf1 Nbd7 13.Kg2 Nb6 14.Be2 Nbd5 15.Bf3 a5
16.Qb3 Qc7 17.Ne2 Ne7 18.e4 Nd7 19.Be3 e5 20.g5 exd4 21.Bxd4 Ne5 22.Bg4 c5
23.Bxe5 Qxe5 24.Qe3 Rd8 25.Rad1 O-O 26.b3 Nc6 27.h4 Qb2 28.Bd7 Ne5 29.Bb5 b6
30.Rd5 c4 31.Bxc4 Bc5 32.Qc1 Nxc4 33.Qxc4 Rxd5 34.exd5 Re8 35.Kf3 Re5 36.Rf1 Qd2
37.Ng3 Rxd5 38.Ne4 Rf5+ 39.Kg2 Qf4 40.f3 Qxh4 41.Nf6+ gxf6 42.Qxh4 Rxg5+
43.Kh3 Rh5 44.Qxh5 gxh5 45.Kh4 Kf8 46.Kxh5 Ke7 47.Re1+ Kd6 48.Kg4  1-0

[Event "ch-RUS u20g"]
[Site "Nojabrsk RUS"]
[Date "2005.03.05"]
[Round "4"]
[White "Hasanova,E"]
[Black "Nebolsina,V"]
[Result "1-0"]
[WhiteElo "2265"]
[BlackElo "2284"]

1.d4 d5 2.Nf3 Nf6 3.c4 c6 4.Nc3 dxc4 5.a4 Bf5 6.Nh4 e6 7.Nxf5 exf5 8.e3 Bb4
9.Bxc4 O-O 10.Qc2 g6 11.O-O Nbd7 12.f3 Qb6 13.Qf2 c5 14.Na2 cxd4 15.Nxb4 Qxb4
16.b3 dxe3 17.Bxe3 Rfe8 18.Bd4 a6 19.a5 Rac8 20.Qh4 Nh5 21.Rad1 Qe7 22.Qxe7 Rxe7
23.Rfe1 Rce8 24.Rxe7 Rxe7 25.Bc3 Ne5 26.Rd8+ Kg7 27.Bb4 Rd7 28.Rxd7 Nxd7
29.Bd5 b6 30.axb6 Nxb6 31.Bb7 Nf4 32.Bxa6 Kf6 33.Bc5 Nfd5 34.f4 Ke6 35.g3 f6
36.Kf2 h5 37.h4 Nd7 38.Bc8 Nc7 39.b4 Nb5 40.Ke3 Nc3 41.Kd4 Ne4 42.Kc4 g5
43.Kb5 Nxg3 44.Kc6  1-0

[Event "TCh-ISL 2004-5"]
[Site "Reykjavik ISL"]
[Date "2005.03.05"]
[Round "6"]
[White "Bjornsson,Si"]
[Black "Arngrimsson,D"]
[Result "1-0"]
[WhiteElo "2328"]
[BlackElo "2304"]

1.d4 d5 2.c4 c6 3.Nf3 Nf6 4.Nc3 dxc4 5.a4 Bf5 6.Ne5 Nbd7 7.Nxc4 Nb6 8.e3 a5
9.Ne5 Nfd7 10.Nxd7 Nxd7 11.e4 Bg6 12.Be2 e6 13.O-O Bb4 14.Bf3 O-O 15.Qe2 Qe7
16.Na2 e5 17.Nxb4 axb4 18.d5 cxd5 19.exd5 Nc5 20.Be3 e4 21.Bh5 Bxh5 22.Bxc5 Qxc5
23.Qxh5 f5 24.Qd1 f4 25.Rc1 Qd6 26.Qd4 Qg6 27.f3 Rae8 28.d6 Kh8 29.d7 exf3
30.Rxf3 Re2 31.Rf2 Rxf2 32.Kxf2 f3 33.gxf3 Qg5 34.Rc8 Rd8 35.Rxd8+  1-0

[Event "TCh-BEL 2004-5"]
[Site "Belgium BEL"]
[Date "2005.03.06"]
[Round "10"]
[White "Henderikse,B"]
[Black "Marechal,A"]
[Result "0-1"]
[WhiteElo "2056"]
[BlackElo "2258"]

1.d4 d5 2.Nf3 Nf6 3.c4 c6 4.Nc3 dxc4 5.a4 Bf5 6.e3 e6 7.Bxc4 Bb4 8.O-O O-O
9.Qe2 Bg6 10.Rd1 Nbd7 11.h3 Qa5 12.Bd2 e5 13.Na2 Bxd2 14.Qxd2 Qxd2 15.Rxd2 exd4
16.Rxd4 a5 17.Nc3 Nc5 18.Rc1 Rfe8 19.Nh4 Nfd7 20.Nxg6 hxg6 21.Rcd1 Nb6 22.Ba2 Re7
23.Rd8+ Re8 24.R8d4 Re7 25.Rd8+ Rxd8 26.Rxd8+ Kh7 27.Rd4 g5 28.Kf1 g6 29.Ke2 Kg7
30.Kd2 Rd7 31.Rxd7 Nbxd7 32.Bb1 Nb6 33.Bc2 Nc4+ 34.Kc1 f5 35.b3 Nd6 36.Kb2 Kf6
37.Ne2 Ke5 38.f3 b5 39.axb5 cxb5 40.g3 b4 41.f4+ gxf4 42.exf4+ Kd5 43.g4 Nce4
44.Kc1 Nf2 45.gxf5 Nxf5 46.Bxf5 gxf5 47.Ng3 Ke6 48.Kc2 Nxh3 49.Kd3 Nxf4+
50.Kc4 Ke5 51.Kb5 Nd3 52.Kxa5 f4 53.Nf1 Ke4  0-1

[Event "FSGM March"]
[Site "Budapest HUN"]
[Date "2005.03.08"]
[Round "4"]
[White "Greet,A"]
[Black "Dzhakaev,D"]
[Result "0-1"]
[WhiteElo "2389"]
[BlackElo "2486"]

1.d4 d5 2.Nf3 c6 3.c4 Nf6 4.Nc3 dxc4 5.a4 Bf5 6.Nh4 Bd7 7.g3 g6 8.Bg2 Bg7
9.O-O O-O 10.a5 Na6 11.Qa4 Be6 12.Rd1 Nd5 13.Nf3 Ndb4 14.Ne1 Qc8 15.e4 b5
16.axb6 axb6 17.Bg5 Bg4 18.Bxe7 b5 19.Qa5 Bxd1 20.Rxd1 Re8 21.Bxb4 Nxb4 22.Qb6 Qd8
23.Qxd8 Raxd8 24.d5 cxd5 25.exd5 Bxc3 26.bxc3 Na2  0-1

[Event "FSGM March"]
[Site "Budapest HUN"]
[Date "2005.03.11"]
[Round "7"]
[White "Dzhakaev,D"]
[Black "Pataki,G"]
[Result "1/2-1/2"]
[WhiteElo "2486"]
[BlackElo "2321"]

1.Nf3 d5 2.d4 Nf6 3.c4 c6 4.Nc3 dxc4 5.a4 Bf5 6.e3 e6 7.Bxc4 Bb4 8.O-O Nbd7
9.Nh4 O-O 10.f3 Bg6 11.Nxg6 hxg6 12.e4 e5 13.Be3 Qe7 14.Ne2 exd4 15.Nxd4 Ne5
16.Be2 c5 17.Nc2 Rad8 18.Qc1 Ba5 19.Na3 Bb4 20.a5 Nc6 21.a6 Nd4 22.Bc4 bxa6
23.Nb1 a5 24.Nc3 Qe5 25.Kh1 Nd7 26.Bg5 Nb6 27.Bxd8 Nxc4 28.Bc7 Qe6 29.Qg5 Nb3
30.Ra2 Nxb2 31.Nd5 f6 32.Qe3 Nd2 33.Rxb2 Nxf1 34.Qe2 f5 35.Nxb4 axb4 36.e5 Rc8
37.Bd6 c4 38.Bxb4 c3 39.Rc2 Qc4 40.Qxc4+ Rxc4 41.Ba5 Ne3 42.Rxc3 Rxc3 43.Bxc3 Nd5
44.Bd2 Kf7 45.f4 Ke6 46.h4 Nc7 47.Kh2 Kd5 48.g4 Ke6 49.Kg3 Nb5 50.h5 gxh5
51.gxh5 Nd4 52.Be3 Nc6 53.Kh4 a5 54.Bc5 Kf7 55.Kg5 Ne7 56.Bd4 Ke6 57.Bc5 a4
58.Ba3 Kf7 59.Bb2 Ke6  1/2-1/2

[Event "Tch-FIN 2004-5"]
[Site "Finland FIN"]
[Date "2005.03.12"]
[Round "8"]
[White "Maki Uuro,Mi"]
[Black "Topi Hulmi,T"]
[Result "1/2-1/2"]
[WhiteElo "2397"]
[BlackElo "2191"]

1.Nf3 d5 2.d4 Nf6 3.c4 c6 4.Nc3 dxc4 5.a4 Bf5 6.e3 e6 7.Bxc4 Bb4 8.O-O Nbd7
9.Qe2 Bg6 10.e4 Bxc3 11.bxc3 Nxe4 12.Ba3 Qc7 13.Rfe1 O-O-O 14.Qb2 Kb8 15.Be7 Rde8
16.Bh4 Ka8 17.a5 Nd6 18.Bf1 Nf5 19.a6 Nxh4 20.Nxh4 b6 21.g3 e5 22.Nxg6 hxg6
23.Bg2 Kb8 24.Qb3 Re6 25.Qc4 Kc8 26.d5 cxd5 27.Qxd5 Nc5 28.Rad1 Rhe8 29.Bf1 e4
30.Bb5 Rh8 31.Re2 Re5 32.Qa8+ Qb8 33.Qc6+ Qc7 34.Qa8+ Qb8 35.Qc6+ Qc7 36.Qa8+ Qb8
37.Qc6+  1/2-1/2

[Event "TCh-SWE Elitserien 2004-5"]
[Site "Malmo SWE"]
[Date "2005.03.12"]
[Round "10"]
[White "Nylen,A"]
[Black "Bergstrom,P"]
[Result "1/2-1/2"]
[WhiteElo "2205"]
[BlackElo "2334"]

1.d4 d5 2.c4 c6 3.Nf3 Nf6 4.Nc3 dxc4 5.a4 Bf5 6.e3 e6 7.a5 Bb4 8.Qa4 Qe7
9.Bxc4 O-O 10.O-O Nbd7 11.Qb3 b5 12.axb6 axb6 13.Bd2 b5 14.Be2 Bd6 15.Rfc1 e5
16.dxe5 Nxe5 17.Nxe5 Qxe5 18.f4 Qe7 19.Bf3 Bc5 20.Na2 Rfd8 21.Bxc6 Rac8 22.Qxb5 Bxe3+
23.Bxe3 Qxe3+ 24.Kh1 Ng4 25.h3 Nf2+ 26.Kh2 Qxf4+ 27.g3 Qd2 28.Bg2 Rxc1 29.Nxc1 Be4
30.Qe2 g6 31.Kg1 Bxg2 32.Kxg2 Ne4 33.Qxd2 Rxd2+ 34.Kf3 Ng5+ 35.Ke3 Rxb2 36.h4 Ne6
37.Ra7 Rg2 38.Ne2 Rh2 39.Nf4 Nf8 40.Nd3 Rh1 41.Kf2 Rb1 42.Ne5 Rb5 43.Re7 Rb6
44.Ng4 Kg7 45.Ra7 Rb5 46.Ne3 Rc5 47.Kf3 Ne6 48.Kf2 Rc7 49.Ra3 Rb7 50.Ra2 Nc5
51.Kf3 Rb6 52.Kg2 Rb3 53.Nf1 Nd3 54.Rd2 f5 55.Kf3 Kf6 56.Re2 Nc5+ 57.Re3 Rb2
58.Re2 Rb1 59.Nd2 Ra1 60.Kg2 Ra3 61.Nf3 Ne4 62.Rb2 Ra6 63.Rc2 Rd6 64.Ra2 h6
65.Rb2 g5 66.hxg5+ hxg5 67.Ra2 g4 68.Nh2 Rd3 69.Nf1 Rf3 70.Rb2 Ra3 71.Rb6+ Kg5
72.Rb2 Kf6 73.Rb6+ Kg5  1/2-1/2

[Event "Acropolis GM Open"]
[Site "Athens GRE"]
[Date "2005.03.14"]
[Round "9"]
[White "Izoria,Z"]
[Black "Hamdouchi,H"]
[Result "1-0"]
[WhiteElo "2607"]
[BlackElo "2555"]

1.d4 d5 2.c4 c6 3.Nf3 Nf6 4.Nc3 dxc4 5.a4 Bf5 6.Ne5 Nbd7 7.Nxc4 Nd5 8.f3 e5
9.e4 Nxc3 10.bxc3 Be6 11.Ne3 f6 12.Rb1 Qc7 13.Bc4 Bxc4 14.Nxc4 b5 15.Ne3 exd4
16.cxd4 Qa5+ 17.Ke2 Qxa4 18.Qxa4 bxa4 19.Rb7 Kd8 20.Bd2 Kc8 21.Rhb1 Rb8 22.Rxb8+ Nxb8
23.Ra1 a3 24.Bc1 Bd6 25.Nf5 Bxh2 26.Nxg7 Rg8 27.Bh6 Bd6 28.Nf5 Bb4 29.g3 a5
30.Bc1 Kb7 31.Bxa3 Bxa3 32.Rxa3 Kb6 33.Ra1 Na6 34.Kd3 Nc7 35.Ne3 Rxg3 36.Nc4+ Kb7
37.Nxa5+ Kc8 38.Ke3 Kd7 39.Rh1 Rg7 40.Rc1 h5 41.Nxc6 h4 42.d5 f5 43.Ne5+ Kd8
44.d6 Nb5 45.d7 Nd6 46.Rd1 Nf7 47.Nc6+ Kc7 48.d8=Q+ Nxd8 49.Nxd8 Re7 50.e5 Rxe5+
51.Kf4 Re7 52.Kxf5 h3 53.Ne6+ Kc6 54.Rc1+ Kd6 55.Rd1+ Kc6 56.Rh1 Kd6 57.Ng5  1-0

[Event "Spring Festival"]
[Site "Budapest HUN"]
[Date "2005.03.19"]
[Round "2"]
[White "Nguyen Ngoc Truongson"]
[Black "Trajber,C"]
[Result "1-0"]
[WhiteElo "2520"]
[BlackElo "2148"]

1.d4 d5 2.c4 c6 3.Nf3 Nf6 4.Nc3 dxc4 5.a4 Bf5 6.Ne5 e6 7.f3 Bb4 8.e4 Bxe4
9.fxe4 Nxe4 10.Bd2 Qxd4 11.Nxe4 Qxe4+ 12.Qe2 Bxd2+ 13.Kxd2 Qd5+ 14.Kc2 Na6
15.Nxc4 O-O 16.Qe5 f6 17.Qxd5 cxd5 18.Nd6 Rab8 19.a5 Rfd8 20.Nb5 Ra8 21.Be2 Nc7
22.Rac1 Nxb5 23.Bxb5 Kf7 24.Kd3 Rac8 25.a6 b6 26.Bc6 Ke7 27.Bb7 Rb8 28.Rc7+ Rd7
29.Rhc1 Rd8 30.R7c2 Kf7 31.Bc6 Re7 32.Bb5 f5 33.Rc7 Ra8 34.b4 e5 35.Rxe7+ Kxe7
36.Rc7+ Kf6 37.Bc6 Rd8 38.Rxa7 d4 39.Rd7 Rc8 40.a7  1-0

[Event "Far West Open"]
[Site "Reno USA"]
[Date "2005.03.19"]
[Round "2"]
[White "Zaikov,O"]
[Black "Lakdawala,C"]
[Result "1/2-1/2"]
[WhiteElo "2371"]
[BlackElo "2422"]

1.d4 d5 2.c4 c6 3.Nf3 Nf6 4.Nc3 dxc4 5.a4 Bf5 6.e3 e6 7.Bxc4 Bb4 8.O-O O-O
9.Nh4 Bg4 10.f3 Bh5 11.g4 Nd5 12.Ng2 Bg6 13.Na2 Be7 14.e4 Nb4 15.Nxb4 Bxb4
16.h4 h6 17.g5 hxg5 18.hxg5 Nd7 19.Kf2 e5 20.Nh4 Bh5 21.Rh1 Nb6 22.Bb3 Qxd4+  1/2-1/2

[Event "Extraliga CZE 2004-5"]
[Site "Czech Rep CZE"]
[Date "2005.03.20"]
[Round "9"]
[White "Haba,P"]
[Black "Meduna,E"]
[Result "1/2-1/2"]
[WhiteElo "2525"]
[BlackElo "2435"]

1.d4 Nf6 2.c4 c6 3.Nc3 d5 4.Nf3 dxc4 5.a4 Bf5 6.Ne5 Nbd7 7.Nxc4 Qc7 8.g3 e5
9.dxe5 Nxe5 10.Bf4 Nfd7 11.Bg2 f6 12.O-O Nc5 13.Ne3 Be6 14.b4 Rd8 15.Qb1 Nb3
16.Ncd5 cxd5 17.Qxb3 g5 18.Bxe5 Qxe5 19.Qd3 d4 20.Nc4 Qc7 21.Na5 Bc8 22.Qb5+ Kf7
23.Rfc1 Qb6 24.Qxb6 axb6 25.Nxb7 Bxb7 26.Rc7+ Kg6 27.Rxb7 Bxb4 28.Be4+ Kh6
29.Rxb6 Rhe8 30.Rxb4 Rxe4 31.e3 f5 32.Rxd4 Rexd4 33.exd4 Rxd4 34.a5 Rd7 35.a6 Ra7
36.Kf1 Kh5 37.h3 Kg6 38.Ke2 h5 39.Kd3 h4 40.gxh4 gxh4 41.f4 Kh5 42.Ra5 Rxa6
43.Rxf5+ Kg6 44.Rc5 Ra3+ 45.Ke4 Rxh3 46.Rc6+ Kg7 47.Kf5 Ra3 48.Rc7+ Kh6 49.Rc6+ Kg7
50.Kg5 Rg3+ 51.Kxh4 Rg1 52.Kh5 Kf7 53.Kh6 Rg2 54.f5 Rg1 55.Rg6 Rh1+ 56.Kg5  1/2-1/2

[Event "ch-Privolzhsky Region"]
[Site "Ishevsk RUS"]
[Date "2005.03.20"]
[Round "5"]
[White "Belenov,D"]
[Black "Kuporosov,V"]
[Result "0-1"]
[WhiteElo "2364"]
[BlackElo "2472"]

1.d4 d5 2.Nf3 c6 3.c4 Nf6 4.Nc3 dxc4 5.a4 Bf5 6.Ne5 Nbd7 7.Nxc4 Nb6 8.Ne5 a5
9.f3 Nfd7 10.Bf4 Nxe5 11.Bxe5 e6 12.e4 Bg6 13.Qb3 f6 14.Bg3 Bf7 15.Rd1 e5
16.d5 Bb4 17.Qc2 Qc7 18.dxc6 bxc6 19.Bd3 Nd7 20.Qe2 Nc5 21.Bc2 O-O 22.O-O Nb3
23.Kh1 Rad8 24.Rxd8 Rxd8 25.Rd1 Nd4 26.Qd3 Be7 27.Bb1 Qb6 28.Ba2 Bxa2 29.Nxa2 Ne6
30.Qc2 Rxd1+ 31.Qxd1 Qxb2 32.Nc1 Nd4 33.Nd3 Qb3 34.Qxb3+ Nxb3 35.Be1 Ba3
36.Bc3 c5 37.Nf2 Bb4 38.Bxb4 cxb4 39.Nd1 Nd2 40.Nb2 Kf7 41.Kg1 Ke7 42.Kf2 Nb3
43.Ke2 Nc5 44.Kd2 Kd7 45.Kc2 Kc6 46.Kd2 Nb3+ 47.Kc2 Nd4+ 48.Kd3 Ne6 49.Kc4 Nc5
50.h4 h5 51.g3 g5 52.g4 hxg4 53.Nd1 g3 54.Ne3 gxh4 55.f4 exf4 56.e5 fxe5  0-1

[Event "Norwegian Open"]
[Site "Oslo NOR"]
[Date "2005.03.20"]
[Round "2"]
[White "Kveinys,A"]
[Black "Berntsen,S"]
[Result "1-0"]
[WhiteElo "2518"]
[BlackElo "2160"]

1.d4 d5 2.c4 c6 3.Nf3 Nf6 4.Nc3 dxc4 5.a4 Bf5 6.Ne5 e6 7.f3 h6 8.e4 Bh7 9.Bxc4 Bb4
10.O-O O-O 11.Be3 Qe7 12.Nd3 a5 13.Na2 Na6 14.Qb3 Rfd8 15.Bxa6 Rxa6 16.Naxb4 axb4
17.Qxb4 Qxb4 18.Nxb4 Rb6 19.Nd3 Rb3 20.Ra3 Rxa3 21.bxa3 Ne8 22.a5 Nd6 23.Rc1 Ra8
24.Rc5 f5 25.e5 Nb5 26.a4 Nc7 27.h4 Bg6 28.Bd2 Be8 29.Rc4 Bd7 30.Rb4 Bc8
31.Rb1 Kf7 32.h5 Nd5 33.Kf2 g5 34.hxg6+ Kxg6 35.g4 fxg4 36.fxg4 h5 37.gxh5+ Kxh5
38.Rg1 b6 39.axb6 Nxb6 40.Nf4+ Kh4 41.Kf3  1-0

[Event "Ettinger It"]
[Site "Givataim ISR"]
[Date "2005.03.21"]
[Round "2"]
[White "Gerzhoy,L"]
[Black "Deutsch,E"]
[Result "1/2-1/2"]
[WhiteElo "2381"]
[BlackElo "2341"]

1.Nf3 Nf6 2.c4 c6 3.Nc3 d5 4.d4 dxc4 5.a4 Bf5 6.e3 e6 7.Bxc4 Nbd7 8.O-O a5
9.Nh4 Bg4 10.f3 Bh5 11.g4 Nd5 12.Ng2 Bg6 13.e4 N5b6 14.Be2 Bb4 15.Be3 f6
16.Nf4 Bf7 17.Nd3 h5 18.Nxb4 axb4 19.Nb1 hxg4 20.fxg4 Qc7 21.Rf2 e5 22.Nd2 Rh3
23.Nf1 Nc4 24.Bxc4 Bxc4 25.Ng3 exd4 26.Qxd4 Be6 27.Nf5 Bxf5 28.exf5 O-O-O
29.Bf4 Qb6 30.Qxb6 Nxb6 31.Bg3 Rhh8 32.a5 Nd5 33.Re2 Rde8 34.Re6 Rxe6 35.fxe6 Re8
36.Re1 Nc7 37.Bd6 Rxe6 38.Rxe6 Nxe6 39.Bxb4 c5 40.Bc3 Ng5 41.Kf2 Kd7 42.h4 Nf7
43.Ke3 Ke6 44.Ke4 Nh6 45.Kf4 Nf7 46.h5 Ng5 47.Be1 Nf7 48.Bc3 Ng5 49.b4 Nh3+
50.Kg3 Ng5 51.Kf4 Nh3+ 52.Ke3 cxb4 53.Bxb4 f5 54.gxf5+ Kxf5 55.Kd4 Nf4 56.Kc5 Ne6+
57.Kb6 Nd8 58.Bc3 Kg4 59.Bxg7 Kxh5  1/2-1/2

[Event "Open"]
[Site "Coventry ENG"]
[Date "2005.03.25"]
[Round "2"]
[White "Nelson,O"]
[Black "Cox,Tr"]
[Result "1/2-1/2"]
[WhiteElo "2094"]
[BlackElo "2057"]

1.d4 d5 2.c4 c6 3.Nc3 Nf6 4.Nf3 dxc4 5.a4 Bf5 6.Ne5 Nbd7 7.Nxc4 Nb6 8.Ne5 a5
9.f3 Nfd7 10.Bf4 Nxe5 11.Bxe5 Nc4 12.e4 Nxe5 13.dxe5 Be6 14.Qxd8+ Rxd8 15.Rd1 Rxd1+
16.Kxd1 Bb3+ 17.Kd2 e6 18.Bd3 Bb4 19.Bc2 Bxc2 20.Kxc2 Ke7 21.Rd1 g5 22.Kb3 Bxc3
23.Kxc3 h5 24.Kc4 Rd8 25.Rxd8 Kxd8 26.Kc5 Kc7 27.g3 b6+ 28.Kc4 Kb7 29.h4 gxh4
30.gxh4 Ka6 31.f4 Kb7 32.f5 Ka6 33.Kd4 Kb7 34.Kc4 c5 35.Kb5 Kc7 36.Ka6 Kc6
37.b3 Kc7 38.Ka7 Kc6 39.Ka6  1/2-1/2

[Event "XXXXII Open"]
[Site "La Roda ESP"]
[Date "2005.03.25"]
[Round "5"]
[White "Del Rio Angelis,S"]
[Black "Korneev,O"]
[Result "0-1"]
[WhiteElo "2502"]
[BlackElo "2602"]

1.d4 d5 2.c4 c6 3.Nf3 Nf6 4.Nc3 dxc4 5.a4 Bf5 6.Ne5 Nbd7 7.Nxc4 Nb6 8.Ne5 Nfd7
9.Nd3 Nd5 10.e3 e6 11.f3 Nb4 12.e4 Bg6 13.Nf4 e5 14.dxe5 Nxe5 15.Be3 Qa5
16.Rc1 Rd8 17.Qb3 Bc5 18.Bd2 Qb6 19.Nb5 a5 20.Qc3 Bf2+ 21.Ke2 O-O 22.Na3 Rxd2+
23.Qxd2 Rd8 24.Nd5 cxd5 25.Rd1 Nec6 26.Qf4 Re8 27.Nb5 Bxe4  0-1

[Event "Norwegian Open"]
[Site "Oslo NOR"]
[Date "2005.03.25"]
[Round "7"]
[White "Hole,O"]
[Black "Moen,A"]
[Result "1/2-1/2"]
[WhiteElo "2343"]
[BlackElo "2214"]

1.Nf3 d5 2.d4 Nf6 3.c4 c6 4.Nc3 dxc4 5.a4 Bf5 6.e3 e6 7.Bxc4 Bb4 8.O-O O-O
9.Nh4 Qe7 10.Nxf5 exf5 11.Qc2 g6 12.f3 Kg7 13.e4 fxe4 14.fxe4 Bxc3 15.bxc3 Qxe4
16.Qf2 Nbd7 17.Ba3 Rfe8 18.Rae1 Qf5 19.Qxf5 gxf5 20.Rxe8 Rxe8 21.Rxf5 Re1+
22.Rf1 Rxf1+ 23.Bxf1 Ne4  1/2-1/2

[Event "ch-RUS w 1st League"]
[Site "Samara RUS"]
[Date "2005.03.25"]
[Round "3"]
[White "Slavina,I"]
[Black "Molchanova,T"]
[Result "1/2-1/2"]
[WhiteElo "2415"]
[BlackElo "2297"]

1.d4 d5 2.c4 c6 3.Nf3 Nf6 4.Nc3 dxc4 5.a4 Bf5 6.Nh4 Bc8 7.e3 e5 8.Bxc4 exd4
9.exd4 Be7 10.O-O O-O 11.Re1 Na6 12.Nf3 Nc7 13.Qb3 Rb8 14.Ne5 Be6 15.Bxe6 fxe6
16.Be3 Ncd5 17.Rad1 Nd7 18.Nd3 Bd6 19.g3 Qe8 20.Ne4 Bc7 21.Re2 Qh5 22.Rde1 Rf3
23.Nd2 Rf6 24.Ne4 Rf3 25.Nd2 Rf6 26.Ne4  1/2-1/2

[Event "XXXXII Open"]
[Site "La Roda ESP"]
[Date "2005.03.26"]
[Round "6"]
[White "Komljenovic,D"]
[Black "Kononenko,T"]
[Result "1/2-1/2"]
[WhiteElo "2492"]
[BlackElo "2374"]

1.d4 d5 2.c4 c6 3.Nf3 Nf6 4.Nc3 dxc4 5.a4 Bf5 6.Ne5 Nbd7 7.Nxc4 Nb6 8.Ne5 a5
9.f3 Nfd7 10.e4 Nxe5 11.exf5 Nec4 12.d5 cxd5 13.b3 Ne5 14.Bb5+ Nc6 15.Qe2 e6
16.fxe6 Bb4 17.Bd2 Qf6 18.Rc1 fxe6 19.O-O O-O 20.Bxc6 bxc6 21.Na2 Bxd2 22.Qxd2 e5
23.Nc3 Qe6 24.Rfe1 Nd7 25.Ne2 Qd6 26.Qc3 Rf6 27.Rc2 c5 28.Nc1  1/2-1/2

[Event "Ettinger It"]
[Site "Givataim ISR"]
[Date "2005.03.27"]
[Round "6"]
[White "Lerner,K"]
[Black "Deutsch,E"]
[Result "1-0"]
[WhiteElo "2523"]
[BlackElo "2341"]

1.d4 d5 2.c4 c6 3.Nf3 Nf6 4.Nc3 dxc4 5.a4 Bf5 6.e3 e6 7.Bxc4 Nbd7 8.O-O Be7
9.Qe2 O-O 10.e4 Bg4 11.Rd1 Qc7 12.h3 Bxf3 13.Qxf3 e5 14.d5 Bb4 15.dxc6 bxc6
16.Ne2 Nb6 17.Bb3 Rfd8 18.Bg5 Rxd1+ 19.Rxd1 Ne8 20.Ng3 c5 21.Bd8  1-0

[Event "XXXXII Open"]
[Site "La Roda ESP"]
[Date "2005.03.27"]
[Round "8"]
[White "Mirzoev,A"]
[Black "Camarena Gimenez,R"]
[Result "1-0"]
[WhiteElo "2529"]
[BlackElo "2376"]

1.d4 d5 2.c4 c6 3.Nc3 Nf6 4.Nf3 dxc4 5.a4 Bf5 6.e3 e6 7.Bxc4 Bb4 8.O-O Nbd7
9.Qb3 a5 10.Na2 Be7 11.Nh4 Be4 12.Nc3 Bd5 13.Nxd5 Nxd5 14.Nf3 Qb6 15.Qd1 O-O
16.e4 Nb4 17.Qe2 Rad8 18.Be3 c5 19.Bb5 cxd4 20.Bxd4 Bc5 21.Bc3 Qc7 22.Rfc1 Qd6
23.Ng5 Qf4 24.Nh3 Qd6 25.e5 Qe7 26.Nf4 g6 27.Qg4 Nb6 28.Nh5 N6d5 29.Nf6+ Kg7
30.Qh4 h6 31.Bd2 Rh8 32.Rc4 Nd3 33.Rf1 Nxe5 34.Nxd5 Qxh4 35.Rxh4 Rxd5 36.Bxa5 g5
37.Re4 Rc8 38.Bc3 f6 39.Rb1 Rcd8 40.Kf1 Kf7 41.Ke2 Ng6 42.Bc4 Nf4+ 43.Rxf4 gxf4
44.Bxd5 Rxd5 45.Ra1 e5 46.a5 Ke6 47.Ra4 Kf5 48.g3 fxg3 49.hxg3 Ba7 50.Rc4 Rb5
51.b4  1-0

[Event "Open"]
[Site "Coventry ENG"]
[Date "2005.03.28"]
[Round "9"]
[White "Williams,Si"]
[Black "Ansell,S"]
[Result "1-0"]
[WhiteElo "2487"]
[BlackElo "2408"]

1.d4 d5 2.c4 c6 3.Nc3 Nf6 4.Nf3 dxc4 5.a4 Bf5 6.Ne5 Nbd7 7.Nxc4 Nd5 8.f3 e5
9.e4 Nxc3 10.bxc3 Be6 11.Ne3 f6 12.Bc4 Bxc4 13.Nxc4 exd4 14.cxd4 Bb4+ 15.Ke2 Nf8
16.Qb3 a5 17.Be3 Qe7 18.d5 Rd8 19.Bb6 Rxd5 20.Rhd1 Nd7 21.Kf1 Rh5 22.Qa2 Nxb6
23.Nxb6 Rxh2 24.Rd7 Qxd7 25.Nxd7 Rh1+ 26.Ke2 Rxa1 27.Nxf6+ gxf6 28.Qxa1 O-O
29.Qd4 Rf7 30.f4 Kg7 31.g4 h6 32.Kf3 Re7 33.e5 fxe5 34.fxe5 Kf7 35.Kf4 Ke6
36.Qc4+ Kd7 37.Kf5 Kc7 38.e6 Bd2 39.Qc5 Bg5 40.Qxa5+ Kb8 41.Qd8+ Ka7 42.a5 Rg7
43.Qd4+  1-0

[Event "Spring Open"]
[Site "Belgrade SCG"]
[Date "2005.03.31"]
[Round "7"]
[White "Stamenkovic,A"]
[Black "Klasan,V"]
[Result "1-0"]
[WhiteElo "2272"]
[BlackElo "2157"]

1.d4 d5 2.c4 c6 3.Nf3 Nf6 4.Nc3 dxc4 5.a4 Bf5 6.e3 e6 7.Bxc4 Bb4 8.O-O O-O
9.Nh4 Bg6 10.Nxg6 hxg6 11.Qb3 Qb6 12.Rd1 Nbd7 13.Na2 Be7 14.Qc2 a5 15.Nc3 Rac8
16.g3 Qc7 17.Bd2 Nb6 18.Bf1 Rfd8 19.Rac1 Nbd5 20.Nxd5 Nxd5 21.Qe4 Bb4 22.Bxb4 Nxb4
23.h4 Qd6 24.Qg4 Nd5 25.Bg2 Qb4 26.Ra1 Qxb2 27.Rdb1 Qc3 28.Qd1 Nb4 29.Be4 Qc4
30.Rc1 Qa6 31.h5 gxh5 32.Qxh5 f5 33.Bf3 Nd5 34.Kg2 Nf6 35.Qg6 Re8 36.Rh1 Rc7
37.Rh4 Rf7 38.Rh8+ Kxh8 39.Qxf7  1-0

[Event "ch-FRA Top 16 GpA"]
[Site "Noyon FRA"]
[Date "2005.03.31"]
[Round "4"]
[White "Collas,D"]
[Black "Wagner,Cl"]
[Result "0-1"]
[WhiteElo "2418"]
[BlackElo "2375"]

1.Nf3 d5 2.d4 Nf6 3.c4 c6 4.Nc3 dxc4 5.a4 Bf5 6.Nh4 Bd7 7.g3 e6 8.Bg2 c5
9.Bg5 Nc6 10.d5 exd5 11.Bxf6 Qxf6 12.Nxd5 Qd6 13.Qc2 O-O-O 14.O-O Nd4 15.Qxc4 Be6
16.e4 g5 17.Rad1 gxh4 18.Rxd4 hxg3 19.hxg3 Kb8 20.Rd3 Bg7 21.Rb1 Rc8 22.f4 Bd4+
23.Kf1 Bxd5 24.Qxd5 Qa6 25.Rd1 Rhd8 26.Qf5 c4 27.Rxd4 c3+ 28.Kf2 Rxd4 29.Rxd4 c2
30.Qe5+ Ka8 31.Qc7 Qe6 32.Rd8 c1=Q 33.Qxc1 Qb6+ 34.Qe3 Qxd8 35.e5 Qd1 36.Bf3 Qxa4
37.g4 Qc2+ 38.Kg3 Qxb2 39.e6 fxe6 40.Qxe6 Qc1 41.Qe4 Qc7 42.g5 a5 43.Kg4 Qd7+
44.f5 Rc5 45.Kh4 Rb5 46.Bg4 Rb4 47.Qe5 Qa4 48.Qe2 Re4 49.Qg2 Qc4 50.f6 Rf4
51.Qg3 a4 52.Kh5 Qe4 53.Qc3 Qh1+ 54.Bh3 Qd5 55.Bg4 Rc4 56.Qe1 Re4 57.Qc3 Rc4
58.Qe1 Rc5 59.Qe8+ Ka7 60.Qe3 Ka6 61.Bf3 Qf7+ 62.Kh4 Rc4+ 63.Kg3 Qc7+ 64.Kh3 Rc3
65.Qe2+ b5 66.Qe6+ Ka5 67.Kg4 Rc4+ 68.Be4 Qh2 69.Qd5 Qe2+ 70.Kf5 Qf2+ 71.Kg4 a3
72.f7 Rxe4+ 73.Qxe4 Qxf7 74.Qe3 Ka4 75.Qb6 a2 76.Qa6+ Kb4 77.Qd6+ Kb3 78.Qd3+ Ka4
79.Qc2+ Qb3 80.Qxh7 Qb4+ 81.Kh5 a1=Q 82.Qc2+ Ka3  0-1

[Event "ch-FRA Top 16 GpA"]
[Site "Noyon FRA"]
[Date "2005.04.02"]
[Round "6"]
[White "Nguyen Chi Minh"]
[Black "Wagner,Cl"]
[Result "0-1"]
[WhiteElo "2370"]
[BlackElo "2375"]

1.d4 d5 2.c4 c6 3.Nc3 Nf6 4.Nf3 dxc4 5.a4 Bf5 6.Ne5 Nbd7 7.Nxc4 Nb6 8.Ne5 a5
9.f3 Nfd7 10.Nxd7 Nxd7 11.e4 Bg6 12.f4 e6 13.Be3 Qb6 14.Qc2 Bb4 15.f5 Bh5
16.Be2 Bxe2 17.fxe6 fxe6 18.Qxe2 O-O 19.Bf2 c5 20.dxc5 Bxc5 21.O-O Rxf2 22.Rxf2 Rf8
23.Rf1 Ne5 24.g3 Rxf2 25.Rxf2 Ng4  0-1

[Event "FSGM April"]
[Site "Budapest HUN"]
[Date "2005.04.05"]
[Round "4"]
[White "Banusz,T"]
[Black "Neelotpal,D"]
[Result "1/2-1/2"]
[WhiteElo "2393"]
[BlackElo "2468"]

1.Nf3 d5 2.d4 Nf6 3.c4 c6 4.Nc3 dxc4 5.a4 Bf5 6.Ne5 Nbd7 7.Nxc4 Qc7 8.g3 e5
9.dxe5 Nxe5 10.Bf4 Nfd7 11.Bg2 g5 12.Bxe5 Nxe5 13.Qd4 f6 14.O-O-O Be7 15.Ne3 Bg6
16.Be4 Qb6 17.Bxg6+ hxg6 18.Qe4 Qc5 19.h4 f5 20.Qc2 gxh4 21.gxh4 Rxh4 22.Qb3 Rxh1
23.Rxh1 O-O-O 24.Rh7 Rd7 25.Kb1 f4 26.Nc2 Qc4 27.Qxc4 Nxc4 28.Ne4 Bd8 29.Rxd7 Kxd7
30.Nc5+ Kc8 31.Nd3 g5 32.f3 Nd2+ 33.Kc1 Nb3+ 34.Kd1 Kc7 35.e3 fxe3 36.Nxe3 Bf6
37.Ng4 Bg7 38.f4 gxf4 39.Nxf4 Kb6 40.Nd3 Ka5 41.Ne3 Kxa4 42.Kc2 b5 43.Kb1 c5
44.Nd5 c4 45.Nf2 Nc5 46.Ka2 b4 47.Nf4 Ne4 48.Nxe4  1/2-1/2

[Event "ch-VIE Prelim w"]
[Site "Hue VIE"]
[Date "2005.04.05"]
[Round "4"]
[White "Nguyen Thi Thanh An"]
[Black "Le Kieu Thien Kim"]
[Result "1/2-1/2"]
[WhiteElo "2358"]
[BlackElo "2328"]

1.d4 d5 2.c4 c6 3.Nf3 Nf6 4.Nc3 dxc4 5.a4 Bf5 6.e3 e6 7.Bxc4 Bb4 8.O-O O-O
9.Qe2 Nbd7 10.e4 Bg4 11.e5 Nd5 12.Nxd5 cxd5 13.Bd3  1/2-1/2

[Event "ch-VIE Prelim"]
[Site "Hue VIE"]
[Date "2005.04.08"]
[Round "8"]
[White "Hoang Canh,H"]
[Black "Dao Thien Hai"]
[Result "1/2-1/2"]
[WhiteElo "2145"]
[BlackElo "2609"]

1.d4 d5 2.Nf3 Nf6 3.c4 c6 4.Nc3 dxc4 5.a4 Bf5 6.e3 e6 7.Bxc4 Bb4 8.O-O Nbd7
9.Qe2 Bg6 10.Rd1 Bh5 11.e4 O-O 12.h3 Qa5 13.e5 Nd5 14.Ne4 Bg6 15.Nh4 Bxe4
16.Qxe4 Rae8 17.Nf3 f5 18.exf6 N7xf6 19.Qe2 Qc7 20.g3 Kh8 21.Kg2 Nd7 22.Ng5 N7f6
23.Nf3 Nd7 24.Ng5 N7f6  1/2-1/2

[Event "ch-VIE Prelim w"]
[Site "Hue VIE"]
[Date "2005.04.08"]
[Round "8"]
[White "Tran Thi Kim Loan"]
[Black "Hoang Thi Bao Tram"]
[Result "0-1"]
[WhiteElo "2159"]
[BlackElo "2267"]

1.d4 Nf6 2.c4 c6 3.Nc3 d5 4.Nf3 dxc4 5.a4 Bf5 6.e3 e6 7.Bxc4 Bb4 8.O-O Nbd7
9.Qe2 Bg6 10.Ne1 O-O 11.Nd3 Bxd3 12.Bxd3 c5 13.Na2 Ba5 14.dxc5 Nxc5 15.Bc2 Bc7
16.Rd1 Qe8 17.Nc3 Rd8 18.b4 Be5 19.Bd2 Na6 20.f4 Bd6 21.Na2 Qe7 22.Rab1 Nd5
23.b5 Nab4 24.Nxb4 Nxb4 25.Be4 Bc5 26.Kh1 Nd5 27.Bc2 Qf6 28.Rb3 Rfe8 29.Rf1 e5
30.fxe5 Qxe5 31.e4 Nf6 32.Bf4 Qh5 33.Qc4 Rd4 34.Qc3 Nxe4 35.Bxe4 Rdxe4 36.Bg3 Rxa4
37.Qc2 Qe2 38.Qb1 Ra2  0-1

[Event "Open"]
[Site "Metz FRA"]
[Date "2005.04.18"]
[Round "3"]
[White "Dziuba,M"]
[Black "Marechal,A"]
[Result "1/2-1/2"]
[WhiteElo "2429"]
[BlackElo "2268"]

1.d4 d5 2.c4 c6 3.Nc3 Nf6 4.Nf3 dxc4 5.a4 Bf5 6.e3 e6 7.Bxc4 Bb4 8.O-O O-O
9.Qe2 Bg6 10.Ne5 Nbd7 11.Nxg6 hxg6 12.Qc2 Qa5 13.Na2 Bd6 14.h3 Qh5 15.e4 e5
16.f4 exd4 17.e5 Bc5 18.Kh1 Nd5 19.Bxd5 cxd5 20.b4 Be7 21.Qd3 Qf5 22.Qxd4 Rfd8
23.Nc3 Bf8 24.Be3 a5 25.Nxd5 axb4 26.Rfd1 Nc5 27.Qxb4 Nxa4 28.Qxb7 Rdb8 29.Qc6 Qc8
30.Nc7 Rb7 31.Rac1 Nc5 32.Bxc5 Rxc7 33.Qxc7 Qxc7 34.Bxf8 Qb7 35.Bd6 Qe4 36.Rf1 Ra2
37.Rf3 Re2  1/2-1/2